[Event "MCR mladeze, Kouty 2018 - H14"]
[Site "Kouty nad Desnou"]
[Date "2018.03.12"]
[Round "3"]
[White "Barak, David"]
[Black "Neumann, Filip"]
[Result "1-0"]
[WhiteElo "1847"]
[BlackElo "1859"]
[EventDate "2018.03.10"]

1. d4  Nf6  2. c4  g6
3. Nc3  Bg7  4. e4
O-O  5. Nf3  d6
6. Be2  e5  7. d5  a5
8. Bg5  h6  9. Bh4
Na6  10. Nd2  Qd7
11. O-O  Nh7  12. Rc1
Nc5  13. b3  f5
14. exf5  gxf5  15. f4  e4
16. Bf2  Re8  17. Be3
Bf6  18. Nb5  c6
19. dxc6  bxc6  20. Nd4
Qg7  21. Nc2  Nd3
22. Rb1  d5  23. Bb6
c5  24. cxd5  Bd4+
25. Nxd4  Qxd4+  26. Kh1
Nf6  27. Bxd3  exd3
28. Bc7  Nxd5  29. Be5
Rxe5  30. fxe5  Qxe5
31. Re1  Qf4  32. Re8+
Kg7  33. Qf3  Qxf3
34. Nxf3  Bb7  35. Rxa8
Bxa8  36. Rd1  Nf4
37. Kg1  Be4  38. Kf2
Nd5  39. Rc1  Nb4
40. Rxc5  Nxa2  41. Rxa5
Nc3  42. Nd2  Kf6
43. b4  Nd1+  44. Kg1
Ne3  45. g3  Nc2
46. b5  Ke5  47. b6+
Kd4  48. Kf2  Kc3
49. Nf1  d2  50. Nxd2
Kxd2  51. Ra7  Ne1
52. b7  Nd3+  53. Kf1
Bxb7  54. Rxb7  f4
55. Rh7  Ke3  56. gxf4
Nxf4  57. Rxh6  Kf3
58. Ra6  Nd5  59. Ra3+
Ne3+  60. Kg1  Kf4
61. Ra4+  Kg5  62. Kf2
Ng4+  63. Kg3  Nf6
64. Ra5+  Kg6  65. Kh4
Ne4  66. Ra4  Nf6
67. Rf4  Nh5  68. Rg4+
Kh6  69. Rg5  Nf6
70. Ra5  Kg6  71. Ra6
Kf5  72. Ra8  Kg6
73. Kg3  Kf5  74. Rf8
Kg5  75. h4+  Kf5
76. Rb8  Ne4+  77. Kf3
Nf6  78. Rb5+  Kg6
79. Kf4  Kg7  80. Kf5
Ne8  81. Rb6  Kf7
82. Rb7+  Kf8  83. Kg6
Nd6  84. Rb8+  Ke7
85. h5  1-0

[Event "MCR mladeze, Kouty 2018 - H14"]
[Site "Kouty nad Desnou"]
[Date "2018.03.12"]
[Round "3"]
[White "Jun, Rudolf"]
[Black "Mach, Petr"]
[Result "1-0"]
[WhiteElo "2061"]
[BlackElo "1845"]
[EventDate "2018.03.10"]

1. e4  c5  2. Nf3  Nc6
3. c4  e5  4. b4
cxb4  5. d4  exd4
6. Bb2  Bc5  7. Bd3
d6  8. O-O  Nge7
9. Nbd2  Ng6  10. Nb3
Bg4  11. h3  Bxf3
12. Qxf3  Qh4  13. Qf5
Nce5  14. g3  Qf6
15. Qxf6  gxf6  16. Rad1
Nxd3  17. Rxd3  Ne5
18. Rdd1  Nxc4  19. Bxd4
Bxd4  20. Nxd4  O-O
21. Nf5  Rfd8  22. Rd4
b5  23. Rb1  a5
24. Rd5  Ra6  25. Rb3  Rb6
26. h4  Re8  27. f3
Re5  28. Rd1  Kf8
29. Kf2  Rb8  30. Ke2
Rd8  31. Nd4  Rc5
32. Rbb1  Na3  33. Rb2
Rc3  34. Rb3  a4
35. Rxb4  Rc4  36. Rxc4
bxc4  37. Kd2  d5
38. Kc3  Rb8  39. exd5
Nb5+  40. Nxb5  Rxb5
41. Kxc4  Rb2  42. a3
Ke7  43. d6+  Kd7
44. Rd3  Rb1  45. g4
Rb6  46. h5  Rb1
47. f4  Rb2  48. g5
fxg5  49. fxg5  Rb7
50. h6  Rb1  51. Rf3
Kxd6  52. Rxf7  Rb3
53. Rxh7  Rxa3  54. Ra7
Ke6  55. g6  Kf6
56. g7  Rg3  57. h7
Rxg7  58. h8=Q  1-0

[Event "MCR mladeze, Kouty 2018 - H14"]
[Site "Kouty nad Desnou"]
[Date "2018.03.12"]
[Round "3"]
[White "Jares, Michal"]
[Black "Frank, Adam"]
[Result "0-1"]
[WhiteElo "1780"]
[BlackElo "1947"]
[EventDate "2018.03.10"]

1. d4  f5  2. h3  d5
3. Bf4  e6  4. e3
Nf6  5. Bd3  c5
6. c3  Nc6  7. Ne2  c4
8. Bc2  Be7  9. Nd2
b5  10. Qb1  Ne4
11. f3  Nxd2  12. Kxd2
Bf6  13. g4  g6
14. Bh6  Ne7  15. Qe1  Ng8
16. Bf4  Bg7  17. Qg3
Bb7  18. gxf5  exf5
19. Bxf5  Nf6  20. Bc2
Qe7  21. Bd6  Qe6
22. Bc5  Nh5  23. Qd6
Qxd6  24. Bxd6  O-O-O
25. Bc5  Rde8  26. Bxa7
Re6  27. Nf4  Nxf4
28. exf4  Bh6  29. Rhe1
Bxf4+  30. Kd1  Rhe8
31. Rxe6  Rxe6  32. a4
bxa4  33. Rxa4  Re3
34. Ra5  Rxf3  35. Rc5+
Kd7  36. Ba4+  Ke7
37. Bb6  Rxh3  38. Bc7
Bd6  39. Bxd6+  Kxd6
40. Rb5  Kc7  41. Rc5+
Kb8  42. Bd7  Rh5
43. Be6  Rg5  44. Ke2
h5  45. Kf3  Rg1
46. Kf4  g5+  47. Ke5
Re1+  48. Kd6  Rxe6+
49. Kxe6  g4  50. Ra5
g3  51. Ra1  h4
52. Rg1  h3  53. Rxg3  h2
54. Rg8+  Bc8+  0-1

[Event "MCR mladeze, Kouty 2018 - H14"]
[Site "Kouty nad Desnou"]
[Date "2018.03.12"]
[Round "3"]
[White "Glozar, Petr"]
[Black "Nytra, Ondrej"]
[Result "0-1"]
[WhiteElo "1789"]
[BlackElo "1901"]
[EventDate "2018.03.10"]

1. e4  e5  2. Nf3  Nc6
3. Bb5  a6  4. Ba4
Nf6  5. d3  d6
6. c4  g6  7. d4  exd4
8. Nxd4  Bd7  9. Nxc6
bxc6  10. Nc3  Bg7
11. O-O  O-O  12. Bg5
Rb8  13. Rb1  Qe8
14. Re1  Qe5  15. Qd2
Ng4  16. Bf4  Qc5
17. Bb3  Bd4  18. Bg3
Be6  19. Na4  Qa7
20. h3  Ne5  21. Red1
c5  22. Bxe5  dxe5
23. Nc3  f5  24. Nd5
c6  25. Ne3  fxe4
26. Bc2  Rf4  27. b3
Rbf8  28. Rf1  Qe7
29. Rbe1  Qg5  30. Kh2
Qh4  31. Re2 Bxh3  32. gxh3
Rf3  33. Bxe4  Bxe3
34. fxe3  Qxh3+  0-1

[Event "MCR mladeze, Kouty 2018 - H14"]
[Site "Kouty nad Desnou"]
[Date "2018.03.12"]
[Round "3"]
[White "Blaha, Marek"]
[Black "Skypala, Ondrej"]
[Result "1/2-1/2"]
[WhiteElo "1777"]
[BlackElo "1851"]
[EventDate "2018.03.10"]

1. e4  e6  2. d4  d5
3. exd5  exd5  4. Bd3
Bd6  5. Nf3  Nf6
6. O-O  O-O  7. Re1
Bg4  8. h3  Bh5
9. Nbd2  Nbd7  10. Nf1  c5
11. dxc5  Nxc5  12. Bg5
Nxd3  13. Qxd3  Bg6
14. Bxf6  gxf6  15. Qd2
Qb6  16. c3  Rad8
17. Nd4  Be5  18. f4
Bxd4+  19. Qxd4  Qxb2
20. Qxf6  Be4  21. Qg5+
1/2-1/2

[Event "MCR mladeze, Kouty 2018 - H14"]
[Site "Kouty nad Desnou"]
[Date "2018.03.12"]
[Round "3"]
[White "Nguyen, Thai Dai Vinh"]
[Black "Vantuch, Lucian"]
[Result "0-1"]
[WhiteElo "1902"]
[BlackElo "1973"]
[EventDate "2018.03.10"]

1. e4  c5  2. Nf3  e6
3. b3  Nc6  4. Bb5
d6  5. Bxc6+  bxc6
6. Bb2  e5  7. O-O
Nf6  8. d3  Bg4
9. Nbd2  Be7  10. h3  Bh5
11. Re1  O-O  12. Nf1
h6  13. Ng3  Bg6
14. Nh4  Nh7  15. Nxg6
fxg6  16. Qg4  Ng5
17. Rf1  Rf4  18. Qd1
Qd7  19. Qd2  Raf8
20. Qe3  Rh4  21. f3
Nxh3+  22. gxh3  Qxh3
23. Kf2  Bg5  24. Qe2
Qh2+  25. Ke1  Qxg3+
26. Kd1  Rh2  0-1

[Event "MCR mladeze, Kouty 2018 - H14"]
[Site "Kouty nad Desnou"]
[Date "2018.03.12"]
[Round "3"]
[White "Ret, Adam Josef"]
[Black "Rokos, Filip"]
[Result "1/2-1/2"]
[WhiteElo "1840"]
[BlackElo "1817"]
[EventDate "2018.03.10"]

1. d4  d5  2. c4  e6
3. Nc3  c6  4. e3
Nd7  5. Nf3  Bd6
6. Bd3  Ngf6  7. O-O
O-O  8. e4  dxe4
9. Nxe4  Be7  10. Bf4
Nxe4  11. Bxe4  Nf6
12. Bd3  Qb6  13. Qc2
h6  14. Rfe1  c5
15. d5  Bd6  16. Bxd6
Qxd6  17. dxe6  Bxe6
18. Rad1  Qc7  19. Ne5
Rfe8  20. Nf3  1/2-1/2

[Event "MCR mladeze, Kouty 2018 - H14"]
[Site "Kouty nad Desnou"]
[Date "2018.03.12"]
[Round "3"]
[White "Nezval, Filip"]
[Black "Volak, Simon"]
[Result "0-1"]
[WhiteElo "1732"]
[BlackElo "1744"]
[EventDate "2018.03.10"]

1. d4  Nf6  2. c4  e6
3. Nc3  Bb4  4. e3
c5  5. Nf3  O-O
6. Bd3  d5  7. a3  Bxc3+
8. bxc3  Nc6  9. O-O
Qc7  10. Qe2  Rd8
11. cxd5  exd5  12. h3
c4  13. Bc2  Bd7
14. Nd2  b5  15. e4
dxe4  16. Nxe4  Nxe4
17. Qxe4  g6  18. Qf3
Re8  19. Bf4  Qd8
20. Rfe1  Qf6 21. Qg3  Rxe1+
22. Rxe1  Re8  23. Re3
Qg7 24. Qh4  Rxe3  25. Bxe3
f6  26. Qg3  Qe7
27. Qc7 Be8  28. Qxe7  Nxe7
29. Kf1  Bc6 30. g3  f5
31. Ke1  Kf7  32. Bg5
Nd5  33. Kd2  Kg7
34. h4  Nb6  35. Be7
Nd5  36. Bd6  Kf6
37. Be5+  Ke6  38. Bd1
Ne7  39. Be2  Bd5
40. Kc2  Nc6  41. Bf4
Nd8  42. h5  Nf7
43. hxg6  hxg6  44. a4
a6  45. axb5  axb5
46. Bc7  Ng5  47. Bf4
Ne4  48. f3  Nf6
49. Be5  Nd7  50. f4
Be4+  51. Kb2  Nb6
52. Kc1  Kd5  53. Kd2
Na4  54. g4  b4
55. gxf5  bxc3+  56. Kc1  gxf5
57. Bd1  Nb6  58. Bc2
Bd3  59. Bc7  Nd7
60. Ba4 Nf6 61. Be5  Ne4  62.
Bd1  Nd2  63. Bc2  Nb3+
64. Kb1  Nxd4  65. Bxd3
cxd3  66. Kc1  Nb3+
0-1

[Event "MCR mladeze, Kouty 2018 - H14"]
[Site "Kouty nad Desnou"]
[Date "2018.03.12"]
[Round "3"]
[White "Husa, Daniel"]
[Black "Vokoun, Tomas"]
[Result "1-0"]
[WhiteElo "1627"]
[BlackElo "1535"]
[EventDate "2018.03.10"]

1. e4 c5  2. Nf3  e6  3. d4
cxd4  4. Nxd4  Nf6
5. Nc3  d6  6. Be2
a6  7. f4  Be7
8. O-O  O-O  9. Be3  Qc7
10. Bf3  Nbd7  11. Qe2
Nc5  12. Bf2  Re8
13. Rab1  e5  14. fxe5
dxe5  15. Nb3  b5
16. Nxc5  Bxc5  17. Bxc5
Qxc5+  18. Qf2  Qxf2+
19. Kxf2  Bb7  20. a3
Rac8  21. Rbd1  Rc4
22. Ke3  b4  23. axb4
Rxb4  24. b3  Rc8
25. Na2  Ng4+  26. Bxg4
Rxe4+  27. Kf3  Rf4+
28. Kg3  Rxf1  29. Rxf1
Rxc2  30. Rf2  Rc5
31. Rd2  g6  32. h3
h5  33. Be2  Kg7
34. Bc4  Rc7  35. Nc3
f5  36. Re2  e4
37. Kf2  Kf6  38. g3  Ke5
39. h4  Kd4  40. Na4
Bc6  41. Rd2+  Ke5
42. Bxa6  Bxa4  43. bxa4
f4  44. gxf4+  Kxf4
45. Re2  Ke5  46. Bd3
Rf7+  47. Kg2  Rf4
48. Rxe4+  Rxe4  49. Bxe4
Kxe4  50. Kg3  Kd5
51. Kf4  1-0

[Event "MCR mladeze, Kouty 2018 - H14"]
[Site "Kouty nad Desnou"]
[Date "2018.03.12"]
[Round "4"]
[White "Placer, Sebastian"]
[Black "Mica, Marek"]
[Result "0-1"]
[WhiteElo "1884"]
[BlackElo "1957"]
[EventDate "2018.03.10"]

1. e4  c6  2. d4  d5
3. e5  Bf5  4. h4
h5  5. Ne2  e6
6. Ng3  Bg6  7. Be2  c5
8. dxc5  Bxc5  9. Nd2
Nc6  10. Nf3  Qb6
11. O-O  Nge7  12. c3
a5  13. Qa4  O-O
14. Qb5  Qxb5  15. Bxb5
Nf5  16. Nxf5  Bxf5
17. Bxc6  bxc6  18. Nd4
Bxd4  19. cxd4  Rfb8
20. b3  a4  21. Bg5
axb3  22. axb3  Rxa1
23. Rxa1  Rxb3  24. Be7
Bd3  25. Ra3  Rb1+
26. Kh2  Rd1  27. Rc3
Bc4  28. Bc5  Re1
29. Re3  Rf1  30. Kg3
Kh7  31. Rf3  Kg6
32. Be7  Rd1  33. Bc5
f6  34. Re3  Kf7
35. Kf4  Rd2  36. Kg3
Bd3  37. Bb4  Rd1
38. Bc5  Be4  39. f3
Bd3  40. Kh2  Bc4
41. f4  Rd2  42. Ra3
Bd3  43. Ra7+  Kg8
44. Ra3  Be4  45. Rg3
Kf7  46. Kg1  Rc2
47. Kf1  Rc1+  48. Kf2
Rh1  49. Rh3  Rc1
50. Rg3  Rb1  51. Ba7
Rb2+  52. Kf1  Bf5
53. Kg1  Rb1+  54. Kh2
Be4  55. Re3  Rb2
56. Rg3  Rf2  57. exf6
gxf6  58. Bb8  Rb2
59. Bd6  Rc2  60. Kh3
Rc4  61. Bc5  e5
62. fxe5  fxe5  63. Ra3
exd4  64. Ra7+  Ke6
65. Re7+  0-1

[Event "MCR mladeze, Kouty 2018 - H14"]
[Site "Kouty nad Desnou"]
[Date "2018.03.12"]
[Round "4"]
[White "Dudek, Vojtech"]
[Black "Kusa, Jakub"]
[Result "1/2-1/2"]
[WhiteElo "1880"]
[BlackElo "1895"]
[EventDate "2018.03.10"]

1. d4  Nf6  2. Bf4  d5
3. e3  e6  4. c3
c5  5. Nf3  Nc6
6. Nbd2  cxd4  7. exd4  Nh5
8. Bg5  Qb6  9. Qb3
Qxb3  10. axb3  h6
11. Be3  Bd6  12. b4
Bd7  13. Bd3  O-O
14. O-O  Nf4  15. Bxf4
Bxf4  16. Nb3  b6
17. Ra2  Rfb8  18. Rfa1
Rb7  19. Nbd2  a5
20. Nb3  Rab8  21. Ba6
Ra7  22. Bd3  Rab7
23. Ba6  Ra7  1/2-1/2

[Event "MCR mladeze, Kouty 2018 - H14"]
[Site "Kouty nad Desnou"]
[Date "2018.03.12"]
[Round "4"]
[White "Nytra, Ondrej"]
[Black "Barak, David"]
[Result "1/2-1/2"]
[WhiteElo "1901"]
[BlackElo "1847"]
[EventDate "2018.03.10"]

1. e4 c6 2. d4 d5 3. e5 Bf5 4. Nf3 e6 5. a3 c5 6. c4 dxc4 7. Bxc4 Nc6 8. Be3 Bg4
9. Bb5 cxd4 10. Bxc6+ bxc6 11. Bxd4 Bxf3 12. Qxf3 Qd5 13. Qxd5 cxd5 14. Nc3 a6
15. Rc1 Nh6 16. Na4 Nf5 17. Bb6 Be7 18. O-O O-O 19. b4 Rfc8 20. Rxc8+ Rxc8 21.
Nc5 Bxc5 22. bxc5 Nd4 23. Rb1 Rb8 24. f4 Nc6 25. Kf2 1/2-1/2

[Event "MCR mladeze, Kouty 2018 - H14"]
[Site "Kouty nad Desnou"]
[Date "2018.03.12"]
[Round "4"]
[White "Frank, Adam"]
[Black "Jun, Rudolf"]
[Result "0-1"]
[WhiteElo "1947"]
[BlackElo "2061"]
[EventDate "2018.03.10"]

1. e4  c5  2. Nf3  Nc6
3. d4  cxd4  4. Nxd4
Nf6  5. Nc3  e5
6. Ndb5  d6  7. Bg5  a6
8. Bxf6  gxf6  9. Na3
b5  10. Nd5  f5
11. Bd3  Be6  12. c3  Bxd5
13. exd5  Ne7  14. O-O
Bg7  15. Nc2  O-O
16. Ne3  e4  17. Bc2
f4  18. Bxe4  fxe3
19. fxe3  Ng6  20. Qh5
Qe7  21. Bc2  Qxe3+
22. Kh1  Rae8  23. h3
Qe2  24. Bxg6  fxg6
25. Rxf8+  Bxf8  26. Qg5
Qf2  27. Qg4  Bg7
0-1

[Event "MCR mladeze, Kouty 2018 - H14"]
[Site "Kouty nad Desnou"]
[Date "2018.03.12"]
[Round "4"]
[White "Vantuch, Lucian"]
[Black "Vojta, Jakub"]
[Result "0-1"]
[WhiteElo "1973"]
[BlackElo "2017"]
[EventDate "2018.03.10"]

1. e4  c5  2. Nf3  d6
3. d4  cxd4  4. Nxd4
Nf6  5. Nc3  a6
6. Be3  e6  7. f3  Be7
8. Qd2  b5  9. g4
Bb7  10. O-O-O  Nfd7
11. Bd3  Nb6  12. Qf2
N8d7  13. Kb1  Rc8
14. Nce2  d5  15. e5
Nc4  16. Bxc4  bxc4
17. f4  Nc5  18. f5
Ne4  19. Qf3  Qd7
20. Rhf1  Bc5  21. Ng3
c3  22. Nxe4  dxe4
23. Qf2  Bd5 24. b3  Bxd4
25. Rxd4  Qb5  26. Rfd1
a5  27. Bg5  O-O
28. f6  Ra8  29. fxg7
Rfc8  30. Rf1  Qb7
31. Qf6  Ra7  32. Ra4
Qb5  33. Rg1  Rb7
34. Kc1  Rcb8  35. Rg3
Qxa4  36. Rh3  Qxa2
37. Kd1  Bxb3  38. Qh6
Bxc2+  39. Ke1  Rb1+
40. Kf2  e3+  0-1

[Event "MCR mladeze, Kouty 2018 - H14"]
[Site "Kouty nad Desnou"]
[Date "2018.03.12"]
[Round "4"]
[White "Gnojek, Petr"]
[Black "Volak, Simon"]
[Result "1-0"]
[WhiteElo "2018"]
[BlackElo "1744"]
[EventDate "2018.03.10"]

1. d4  d5  2. Nf3  Nf6
3. c4  e6  4. Nc3
c6  5. Bg5  Nbd7
6. cxd5  exd5  7. e3
Be7  8. Bd3  O-O
9. O-O  Re8  10. Qc2
Nf8  11. Ne5  Ng4
12. Bxe7  Qxe7  13. Nxg4
Bxg4  14. Rae1 Bh5  15. f4
Qd6  16. Qf2  h6
17. Qh4  Bg6  18. f5
Bh7  19. a3  a6
20. Rf3  f6  21. Ne2  c5
22. Rg3  Kh8  23. dxc5
Qxc5  24. Nf4  Re7
25. Nh5  Qb6  26. Re2
Nd7  27. Nf4  Qd6
28. Bc2  Rae8  29. Ne6
Nc5  30. Qf4  Qxf4
31. Nxf4  Re5  32. b4
Ne4  33. Bxe4  dxe4
34. Ng6+  Bxg6  35. fxg6
Rd5  36. Rg4  Kg8
37. Rc2  Rde5  38. Rf4
Kf8  39. h4  R8e7
40. Rc8+  Re8  41. Rc4
R8e7  42. Kf2  Ke8
43. Rd4  h5  44. Kg3
f5  45. Rf2  Rd7
46. Kf4  Red5  47. Rxd5
Rxd5  48. Kg5  Rd3
49. Kxf5  Rxe3  50. Rf4
Rxa3  51. Rxe4+  Kf8
52. Rc4  b5  53. Rc8+
Ke7  54. Rg8  a5
55. Rxg7+  Kf8  56. Rb7
axb4  57. Rxb5  Ra2
58. Kg5  Rxg2+  59. Kxh5
Ra2  60. Rxb4  Ra6
61. Kh6  Ra8  62. Rb7
Kg8  63. h5  Rc8
64. Rd7  Rb8  65. Kg5
Kf8  66. h6  Kg8
67. h7+  Kh8  68. Kh6
1-0

[Event "MCR mladeze, Kouty 2018 - H14"]
[Site "Kouty nad Desnou"]
[Date "2018.03.12"]
[Round "4"]
[White "Neumann, Filip"]
[Black "Blaha, Marek"]
[Result "0-1"]
[WhiteElo "1859"]
[BlackElo "1777"]
[EventDate "2018.03.10"]

1. e4  e5  2. Nf3  Nc6
3. Bb5  a6  4. Bxc6
dxc6  5. Nc3  Nf6
6. Nxe5  Nxe4  7. Nxe4
Qd5  8. O-O  Qxe5
9. d4  Qf5  10. Re1
Be6  11. Bg5  h6
12. Bh4  g5  13. Bg3
O-O-O  14. Be5  Rg8
15. Nf6  Rh8  16. Ne8
Rxe8  17. Bxh8  f6
18. Qf3  Qxc2  19. Bxf6
Bd6  20. Re2  Qg6
21. Be5  Bc4  22. Re3
Bb4  23. Qe4  Qg8
24. Qf5+  Kb8  25. Qd7
Ka8  26. Qg7  Bd2
27. Qxg8  Bxg8  28. Rf3
c5  29. dxc5  Rxe5
30. Rf8+  Ka7  31. Rxg8
Rxc5  32. Rg6  h5
33. g3  Rc2  34. Rb1
g4  35. Re6  Ba5
36. Kf1  Bb6  37. Re2
Rc5  38. Rbe1  Rb5
39. b3  Ra5  40. a4
Rf5  41. f4  gxf3
42. Re5  Rf6  43. Rxh5
Rd6  44. Rf5  Rd2
45. Rxf3  Rxh2  46. Re2
Rh5  47. Kg2  Bc5
48. g4  Rh7  49. g5
Bd6  50. g6  Rg7
51. Re6  Kb6  52. Rf7
Rg8  53. g7  Kc5
54. Rh6  Be5  55. Rg6
Kb4  56. Re7  Bd6
57. Rxd6  cxd6  58. Rxb7+
Kc5  59. Kf3  Kc6
60. Rf7  Kd5  61. Kf4
Ke6  62. Ra7  Kf6
63. Ke4  Ke6  64. Kd4
Rb8  65. Rxa6  Rb4+
66. Kc3  Rg4  67. Ra7
Kd5  68. a5  Kc6
69. Rf7  Kb5  70. b4
Ka6  71. Rd7  d5
72. Kd3  Kb5  73. Ke3
Kc6  74. a6  Kxd7
75. a7  Re4+  76. Kd3
Re8  77. Kd4  Kc7
78. Kxd5  Kb7  79. b5
Kxa7  80. Kc6  Kb8
0-1

[Event "MCR mladeze, Kouty 2018 - H14"]
[Site "Kouty nad Desnou"]
[Date "2018.03.12"]
[Round "4"]
[White "Skypala, Ondrej"]
[Black "Ret, Adam Josef"]
[Result "1-0"]
[WhiteElo "1851"]
[BlackElo "1840"]
[EventDate "2018.03.10"]

1. e4  c5  2. Nf3  d6
3. d4  cxd4  4. Nxd4
Nf6  5. Nc3  g6
6. Be3  Bg7  7. f3  Nc6
8. Qd2  O-O  9. Bc4
Bd7  10. O-O-O  Rc8
11. Bb3  Ne5  12. Kb1
Nc4  13. Bxc4  Rxc4
14. g4  b5  15. Ndxb5
Bxb5  16. Nxb5  Qb8
17. Nd4  Nd7  18. Qe2
Rfc8  19. Rd2  Rb4
20. Nb3  Nb6  21. c3
Rbc4  22. Bd4  Na4
23. Bxg7  Kxg7  24. Rc1
Nb6  25. h4  R4c7
26. Ka1  Nc4  27. Rdc2
Qb6  28. h5  a5
29. f4  e5  30. fxe5  dxe5
31. Re1  Rb8  32. Nd2
Nxd2  33. Qxd2  a4
34. h6+  Kf8  35. Rd1
Ke7  36. Qd5  Qe6
37. Qxe6+  Kxe6  38. c4
Rbc8  39. b3  axb3
40. axb3  f5  41. gxf5+
gxf5  42. exf5+  Kxf5
43. Kb2  Rc6  44. Rf2+
Ke6  45. Rdf1  Kd6
46. Rf7  R8c7  47. R1f6+
Kc5  48. Rxc6+  Kxc6
49. Rxc7+  Kxc7  50. Kc3
Kd6  51. Kd3  1-0

[Event "MCR mladeze, Kouty 2018 - H14"]
[Site "Kouty nad Desnou"]
[Date "2018.03.12"]
[Round "4"]
[White "Mach, Petr"]
[Black "Glozar, Petr"]
[Result "0-1"]
[WhiteElo "1845"]
[BlackElo "1789"]
[EventDate "2018.03.10"]

1. Nf3  d5  2. d4  Nf6
3. Bf4  e6  4. e3
c5  5. c3  Nc6
6. Nbd2  Qb6  7. Qb3  Bd7
8. Qxb6  axb6  9. Bc7
c4  10. Bxb6  Bd6
11. b4  cxb3  12. Nxb3
Ne4  13. c4  Bb4+
14. Nfd2  Bc3  15. Rd1
Rxa2  16. cxd5  exd5
17. f3  Nxd2  18. Nxd2
Na5  19. Bxa5  Bxa5
20. Bd3  Ba4  21. O-O
Bxd1  22. Rxd1  Rxd2
23. Rc1  Rxd3  24. Rc8+
Bd8  0-1

[Event "MCR mladeze, Kouty 2018 - H14"]
[Site "Kouty nad Desnou"]
[Date "2018.03.12"]
[Round "4"]
[White "Rokos, Filip"]
[Black "Jares, Michal"]
[Result "1/2-1/2"]
[WhiteElo "1817"]
[BlackElo "1780"]
[EventDate "2018.03.10"]

1. e4  c5  2. Nf3  d6
3. d4  cxd4  4. Nxd4
Nf6  5. Nc3  g6
6. Be3  Bg7  7. f3  O-O
8. Qd2  Nc6  9. Bc4
Bd7  10. O-O-O  Rc8
11. Bb3  Ne5  12. Kb1
Nc4  13. Bxc4  Rxc4
14. g4  b5  15. h4
b4  16. Nce2  e5
17. Nb3  Qc7  18. Qxd6
Rxc2  19. Qxc7  Rxc7
20. Bc5  Rfc8  21. Bxb4
Be6  22. Rc1  Bc4
23. Rhd1  h5  24. Nc3
hxg4  25. fxg4  Nxg4
26. Nd5  Bxd5  27. exd5 Rxc1+
28. Nxc1  Ne3  29. Rd3
Bh6  30. Nb3 e4  31. Rd4
Nc2  32. Rxe4  f5
33. Be7  fxe4  34. d6
Ne1  35. d7  Rb8
36. d8=Q+  Rxd8  37. Bxd8
Kf7  38. Bg5  Bxg5
39. hxg5  Nf3  40. Kc1
Nxg5  41. Kd2  Ke6
42. Ke3  Kd5  43. Nd2
a6  44. b3  Kc5
45. a3  Kd5  46. b4  Ne6
47. Nxe4  g5  48. Kd3
Nf4+  49. Ke3  Ne6
50. a4  Kc4  51. b5
axb5  1/2-1/2

[Event "MCR mladeze, Kouty 2018 - H14"]
[Site "Kouty nad Desnou"]
[Date "2018.03.12"]
[Round "4"]
[White "Husa, Daniel"]
[Black "Nguyen, Thai Dai Vinh"]
[Result "0-1"]
[WhiteElo "1627"]
[BlackElo "1902"]
[EventDate "2018.03.10"]

1. d4  Nf6  2. c4  e6
3. g3  c5  4. Nf3
cxd4  5. Nxd4  d5
6. Bg2  e5  7. Nf3
d4  8. O-O  Nc6
9. b3  Bc5  10. Ne1  O-O
11. Nd2  Bf5  12. a3
a5  13. Bb2  Qd7
14. Nd3  Bd6  15. f3
Rfe8  16. Re1  e4
17. fxe4 Nxe4  18. Nxe4  Bxe4
19. Bxe4  Rxe4  20. Nf2
Re6  21. Bxd4  Nxd4
22. Qxd4 Qe7 23. Nd3 Rd8 24. Qb2 Qg5 25. Qc1 Re3 26. Kh1 Bxg3
27. Rg1 Qh5 28. Rxg3 Rxg3 29. Qf4 Rh3 30. Qf2 Qg4 31. Rf1 f6 32. Rg1 Qe4+ 33. Rg2
Re3 34. Qf1 Re8 35. Nc1 Qc6 36. Kg1 a4 37. bxa4 Qxc4 38. Nd3 Qc3 39. Kh1 Rxd3 40.
Rxg7+ Kxg7 41. Qg2+ Kh8 42. Qf2 Rd1+ 43. Kg2 Rg8+ 0-1

[Event "MCR mladeze, Kouty 2018 - H14"]
[Site "Kouty nad Desnou"]
[Date "2018.03.12"]
[Round "4"]
[White "Vokoun, Tomas"]
[Black "Nezval, Filip"]
[Result "1-0"]
[WhiteElo "1535"]
[BlackElo "1732"]
[EventDate "2018.03.10"]

1. e4  c6  2. d4  d5
3. e5  Bf5  4. Nf3
e6  5. Be2  c5
6. O-O  Nc6  7. Be3  cxd4
8. Nxd4  Nxd4  9. Bxd4
Ne7  10. c4  Nc6
11. cxd5  Qxd5  12. Bf3
Qd7  13. Bc3  Qc7
14. Qa4  Be7  15. Ba5
Qd7  16. Rd1  Qc8
17. Na3  O-O  18. Rac1
Qe8  19. Nb5  Nxa5
20. Qxa5  a6  21. Nd6
Bxd6  22. exd6  Rb8
23. Rc7  Qd8  24. Qb4
b6  25. Qc4  a5
26. g4  Bg6  27. d7  Qf6
28. Rc8  Rd8  29. Rxb8
Rxb8  30. Qc8+  Qd8
31. Qxb8  1-0

[Event "MCR mladeze, Kouty 2018 - H14"]
[Site "Kouty nad Desnou"]
[Date "2018.03.13"]
[Round "5"]
[White "Mica, Marek"]
[Black "Jun, Rudolf"]
[Result "1-0"]
[WhiteElo "1957"]
[BlackElo "2061"]
[EventDate "2018.03.10"]

1. d4  Nf6  2. Nf3  c5
3. d5  e6  4. c4
exd5  5. cxd5  d6
6. Nc3  g6  7. Nd2
Bg7  8. e4  O-O
9. Be2  a6  10. a4  Nbd7
11. O-O  Re8  12. Qc2
Nf8  13. Nc4  Qe7
14. f3  N6d7  15. Bf4
Ne5  16. Nxe5  Bxe5
17. Bxe5  Qxe5  18. Rad1
f5  19. f4  Qg7
20. Bf3  fxe4  21. Bxe4  Bd7
22. a5  Rad8  23. Rd2
Qf6  24. h3  Bf5
25. g4  Bxe4  26. Nxe4
Qe7  27. Re2  Kh8
28. Rfe1  Qg7  29. Qc3
Qxc3  30. bxc3  Re7
31. Ng5  Rxe2  32. Rxe2
Rd7  33. Re8  Kg7
34. Ne6+  Nxe6  35. dxe6
Rc7  36. f5  gxf5
37. gxf5  Kf6  38. Rf8+
Kg7  39. Rd8  Kf6
40. Rd7  Rxd7  41. exd7
Ke7  42. c4  Kxd7
43. Kf2  Ke7  44. Kf3
Kf6  45. Ke4  h5
46. h4  Ke7  47. Kd5
Kf6  48. Kxd6  Kxf5
49. Kc7  Kg4  50. Kxb7
Kxh4  51. Kxa6  Kg3
52. Kb6 1-0

[Event "MCR mladeze, Kouty 2018 - H14"]
[Site "Kouty nad Desnou"]
[Date "2018.03.13"]
[Round "5"]
[White "Vojta, Jakub"]
[Black "Kusa, Jakub"]
[Result "0-1"]
[WhiteElo "2017"]
[BlackElo "1895"]
[EventDate "2018.03.10"]

1. e4  e5  2. Nf3  Nc6
3. Bb5  a6  4. Ba4
Nf6  5. O-O  Nxe4
6. d4  b5  7. Bb3
d5  8. dxe5  Be6
9. c3  Bc5  10. Bf4
g5  11. Bxg5  Nxg5
12. Nxg5  Qxg5  13. Bxd5
O-O-O  14. Bxe6+  fxe6
15. Qf3  Kb7  16. b4
Rhf8  17. Qe4  Bxf2+
18. Kh1  Qxe5  0-1

[Event "MCR mladeze, Kouty 2018 - H14"]
[Site "Kouty nad Desnou"]
[Date "2018.03.13"]
[Round "5"]
[White "Barak, David"]
[Black "Dudek, Vojtech"]
[Result "1-0"]
[WhiteElo "1847"]
[BlackElo "1880"]
[EventDate "2018.03.10"]

1. d4 Nf6 2. c4 c5 3. d5 b5 4. cxb5 a6 5. bxa6 g6 6. Nc3 Bxa6 7. e4 Bxf1 8. Kxf1
d6 9. Nf3 Bg7 10. h3 O-O 11. Kg1 Nbd7 12. Kh2 Qa5 13. Re1 Rfb8 14. Re2 Ne8 15.
Rc2 Nc7 16. Bg5 Kf8 17. Bd2 Qa6 18. Qf1 Qxf1 19. Rxf1 Bxc3 20. bxc3 Nb5 21. Bc1
Nf6 22. Re1 Na3 23. Bxa3 Rxa3 24. Nd2 Rba8 25. Ra1 R3a4 26. f3 Nd7 27. Kg3 c4 28.
Kf4 Nc5 29. Ke3 Nb3 30. Rb1 Nxd2 31. Rxd2 Rxa2 32. Rbb2 Rxb2 33. Rxb2 Kg7 34. Kd4
Ra4 35. f4 Ra1 36. Rf2 Re1 37. e5 f5 38. exd6 exd6 39. Kxc4 Kf6 40. Kb5 Re3 41.
c4 Rb3+ 42. Kc6 Rc3 43. Kxd6 Rxc4 44. Rf3 Ra4 45. g3 Ra6+ 46. Kc7 Ra7+ 47. Kb6
Rd7 48. Kc6 Ke7 49. Re3+ Kd8 50. d6 Ra7 51. Rb3 Ra6+ 52. Rb6 Ra8 53. Rb7 1-0